| 000 | 00380nam a22001457a 4500 | ||
|---|---|---|---|
| 003 | NUST - PNEC | ||
| 005 | 20170116181103.0 | ||
| 008 | 151003b xxu||||| |||| 00| 0 eng d | ||
| 040 | _cLIBRARY | ||
| 082 | _a621 SHA | ||
| 100 |
_912497 _aSharma, V.R. |
||
| 245 |
_aObjective mechanical engineering _cSharma, V.R. |
||
| 650 |
_912495 _bMechanical engineering _xME |
||
| 942 |
_2ddc _cBK |
||
| 999 |
_c68840 _d68840 |
||